Latex preservation, concentration and shipment (Record no. 19517)
[ view plain ]
| 000 -LEADER | |
|---|---|
| fixed length control field | 00398nam a2200145Ia 4500 |
| 082 ## - DEWEY DECIMAL CLASSIFICATION NUMBER | |
| Classification number | NR:63PM |
| Item number | RRM.4;2 |
| 100 ## - MAIN ENTRY--AUTHOR NAME | |
| Personal name | Pidford, J H |
| 245 #0 - TITLE STATEMENT | |
| Title | Latex preservation, concentration and shipment |
| 260 ## - PUBLICATION, DISTRIBUTION, ETC. (IMPRINT) | |
| Place of publication | Malaya |
| Name of publisher | RRIM |
| Year of publication | 1947 |
| 490 ## - SERIES STATEMENT | |
| Series statement | RRIM planting manual .4 |
| 650 ## - SUBJECT ADDED ENTRY--TOPICAL TERM | |
| Topical Term | Latex preservation |
| 650 ## - SUBJECT ADDED ENTRY--TOPICAL TERM | |
| Topical Term | Planting manual 4 |
| 942 ## - ADDED ENTRY ELEMENTS (KOHA) | |
| Koha item type | Books |
| Withdrawn status | Lost status | Damaged status | Not for loan | Home library | Current library | Date acquired | Cost, normal purchase price | Full call number | Accession Number | Koha item type |
|---|---|---|---|---|---|---|---|---|---|---|
| RRII Library | RRII Library | 16/12/2021 | 2.00 | NR:63PM RRM.4;2 | 00251 | Books |